Institute of Facilities and Workplace Management (Record no. 121040)
[ view plain ]
| 000 -LEADER | |
|---|---|
| fixed length control field | 01344cai a22002775a 4500 |
| 001 - CONTROL NUMBER | |
| control field | L158910 |
| 008 - FIXED-LENGTH DATA ELEMENTS--GENERAL INFORMATION | |
| fixed length control field | 150923u xxk g 000 0 eng d |
| 035 ## - SYSTEM CONTROL NUMBER | |
| System control number | (Sirsi) u158910 |
| 041 0# - LANGUAGE CODE | |
| Language code of text/sound track or separate title | eng |
| 110 2# - MAIN ENTRY--CORPORATE NAME | |
| Corporate name or jurisdiction name as entry element | British Institute of Facilities Management |
| 9 (RLIN) | 378 |
| 240 ## - UNIFORM TITLE | |
| Uniform title | BIFM |
| 245 00 - TITLE STATEMENT | |
| Title | Institute of Facilities and Workplace Management |
| Medium | [electronic resource] |
| 247 ## - FORMER TITLE | |
| Title | British Institute of Facilities Management |
| 520 ## - SUMMARY, ETC. | |
| Summary, etc. | Founded in 1993, the British Institute of Facilities Management (BIFM) is the professional body for facilities management (FM) in the UK and has both individual and corporate members. Promotes and embeds professional standards in facilities management. Provides a suite of membership, qualifications, training and networking services designed to support FM practioners. BIFM members voted for change of name to Institute of Workplace and Facilities Management at AGM July 2018 effective from 12 November 2018. |
| 590 ## - LOCAL NOTE (RLIN) | |
| Local note | KA |
| 650 24 - SUBJECT ADDED ENTRY--TOPICAL TERM | |
| Topical term or geographic name entry element | FM |
| 650 24 - SUBJECT ADDED ENTRY--TOPICAL TERM | |
| Topical term or geographic name entry element | PROFESSIONAL STANDARDS |
| 650 24 - SUBJECT ADDED ENTRY--TOPICAL TERM | |
| Topical term or geographic name entry element | NETWORKING |
| 650 24 - SUBJECT ADDED ENTRY--TOPICAL TERM | |
| Topical term or geographic name entry element | CAREERS, EDUCATION AND TRAINING |
| 650 24 - SUBJECT ADDED ENTRY--TOPICAL TERM | |
| Topical term or geographic name entry element | INSTIUTE OF WORKPLACE AND FACILITIES MANAGEMENT |
| 650 24 - SUBJECT ADDED ENTRY--TOPICAL TERM | |
| Topical term or geographic name entry element | REGULATION |
| 651 #4 - SUBJECT ADDED ENTRY--GEOGRAPHIC NAME | |
| Geographic name | United Kingdom |
| Chronological subdivision | 1973 |
| 690 ## - LOCAL SUBJECT ADDED ENTRY--TOPICAL TERM (OCLC, RLIN) | |
| Topical term or geographic name as entry element | Facilities management |
| 9 (RLIN) | 6240 |
| 856 40 - ELECTRONIC LOCATION AND ACCESS | |
| Uniform Resource Identifier | <a href="https://www.iwfm.org.uk/">https://www.iwfm.org.uk/</a> |
| Public note | View the website |
| 942 ## - ADDED ENTRY ELEMENTS (KOHA) | |
| Suppress in OPAC | 0 |
| Source of classification or shelving scheme | Dewey Decimal Classification |
| Withdrawn status | Lost status | Source of classification or shelving scheme | Damaged status | Not for loan | Home library | Current library | Shelving location | Date acquired | Total Checkouts | Full call number | Barcode | Date last seen | Copy number | Price effective from | Koha item type |
|---|---|---|---|---|---|---|---|---|---|---|---|---|---|---|---|
| Dewey Decimal Classification | Virtual | Virtual | Online | 23/09/2015 | ONLINE PUBLICATION | 158910-2001 | 06/08/2019 | 1 | 06/08/2019 | Online material |